000 00732nam a2200289Ia 4500
005 20260324143530.0
008 008 260324s9999 xx 000 0 eng d
020 _a9780203772201
037 _aEBOOK
040 _aCRL
040 _beng
040 _cCRL
041 _2eng
041 _aeng
084 _qCRL
100 _aGeorge A. Gescheider; Stanley J. Bolanowski, Jr.
_91215976
245 0 _aRatio Scaling of Psychological Magnitude
245 0 _bIn Honor of the Memory of S.s. Stevens
260 _bTaylor and Francis
260 _c1991
365 _a
365 _b145
856 _uhttp://www.taylorfrancis.com/books/9780203772201
942 _cEBOOK
999 _c1821497
_d1821497